| 000 | 00732nam a2200241 a 4500 | ||
|---|---|---|---|
| 001 | BRL_799 | ||
| 005 | 20190320210913.0 | ||
| 008 | 081013s1974----mx-a######---#000-0#spa-# | ||
| 041 | _aspa | ||
| 044 | _amx | ||
| 050 | 4 |
_aLB775.F76 _b.R43 1974 |
|
| 100 | 1 |
_aRedondo, Patricio _924984 |
|
| 245 | 1 | 0 |
_aPatricio Redondo y la Técnica Freinet _cPrólogo, selección y notas de Ramon Costa Jou. |
| 260 |
_aMéxico, D.F. _bSecretaría de Educación Pública _c1974 |
||
| 300 |
_a228 p. _bil. _c17 cm. |
||
| 440 | 0 |
_aSepsetentas _v123 _922717 |
|
| 500 | _aAu924 | ||
| 600 | 1 | 4 |
_aFreinet, Célestin _924985 |
| 650 | 1 | 4 |
_aEducación _xMétodos experimentales _924986 |
| 700 | 1 |
_aCosta Jou, Ramón _924987 |
|
| 902 | _aGRL | ||
| 942 |
_2lcc _cB |
||
| 999 |
_c9611 _d9611 |
||